Aminokyselinové zloženie štetín a ich hydrolyzátov

Enregistré dans:
Détails bibliographiques
Auteur principal: Vidová, M.
Autres auteurs: Lacková, Alica
Format: Chapitre de livre
Langue:slovaque
Tags: Ajouter un tag
Pas de tags, Soyez le premier à ajouter un tag!

MARC

LEADER 00000naa$a2200000$$$4500
001 0144152
005 20240618121345.0
041 0 |a slo 
044 |a CZ 
245 1 0 |a Aminokyselinové zloženie štetín a ich hydrolyzátov  |c M. Vidová, Alica Lacková 
100 1 |a Vidová, M. 
700 1 |a Lacková, Alica